Statistics for US Lecce Squad 2022-2023

Click here to take the quiz!

General Stats

  • This quiz has been taken 26 times
  • The average score is 18 of 36

Answer Stats

#PositionNationPlayer% Correct
6DFItalyFederico Baschirotto
100%
93DFFranceSamuel Umtiti
94%
30GKItalyWladimiro Falcone
94%
27FWBrazilGabriel Strefezza
88%
9FWItalyLorenzo Colombo
88%
42MFDenmarkMorten Hjulmand
88%
32MFMoroccoYoussef Maleh
82%
25DFItalyAntonino Gallo
76%
11FWItalyFederico Di Francesco
76%
22FWZambiaLameck Banda
76%
-CoachItalyMarco Baroni
76%
77FWGambiaAssan Ceesay
71%
16MFSpainJoan González
71%
17DFFranceValentin Gendrey
65%
29MFFranceAlexis Blin
59%
28FWFranceRémi Oudin
59%
5DFCroatiaMarin Pongračić
47%
97DFItalyGiuseppe Pezzella
41%
13DFItalyAlessandro Tuia
35%
3DFAlbaniaKastriot Dermaku
29%
8MFCroatiaKristijan Bistrović
29%
7MFNorwayKristoffer Askildsen
29%
1GKItalyMarco Bleve
29%
4DFTurkeyMert Çetin
29%
99FWSpainPablo Rodríguez
29%
4DFItalySimone Romagnoli
29%
20MFCzech RepublicDaniel Samek
24%
21GKItalyFederico Brancolini
24%
18DFItalyPietro Ceccaroni
24%
14MFIcelandÞórir Jóhann Helgason
24%
36GKFinlandJasper Samooja
18%
31FWSwedenJoel Voelkerling Persson
18%
80MFAlbaniaMedon Berisha
18%
19MFPolandMarcin Listkowski
12%
84DFItalyTommaso Cassandro
12%
83DFBelgiumMats Lemmens
6%

Score Distribution

Percentile by Number Answered

Percent of People with Each Score

Your Score History

You have not taken this quiz